Greenland, Iceland or Norway - Statistics

General Stats
  • This quiz has been taken 301 times
    292 since last reset
  • The average score is 8 of 13
Answer Stats
Question Answer % Correct
Is the largest. Greenland
93%
The capital has several different vowels. Iceland
93%
Borders the Atlantic Ocean. All
83%
It's capital is also known as Godthåb. Greenland
79%
Has the highest HDI. Norway
79%
Has the highest GDP (PPP) per capita. Norway
79%
Their flags are opposites. Iceland and Norway
76%
Ingólfr Arnarson founded this country's capital. Iceland
72%
Is not in Europe. Greenland
69%
Has the least public debt. Greenland
28%
Is in the EU. None
28%
Electricity is so cheap, that people there often don't turn off the light in rooms they don't use for days. Norway
28%
Is known for its extremely high percentage of people being organized in trade unions. Iceland
14%
No matching quizzes found
Score Distribution
Percent of People with Each Score
Percentile by Number Answered
Your Score History
You have not taken this quiz since the last reset